US Capital Cities Closest to Landmarks Quiz Stats

 Plays Quiz not verified by Sporcle

Score 0/18 Timer 04:00
0 Plays Today
Landmark Capital City % Correct
Hollywood SignSacramento, California
95.3%
Statue of LibertyTrenton, New Jersey
95%
Mount RushmorePierre, South Dakota
84.2%
Liberty BellTrenton, New Jersey
82.7%
Welcome to Fabulous Las Vegas SignPhoenix, Arizona
80.6%
Guantanamo BayTallahassee, Florida
77.3%
Niagara FallsHarrisburg, Pennsylvania
73.4%
Old FaithfulHelena, Montana
73%
Gateway ArchSpringfield, Illinois
72.3%
Landmark Capital City % Correct
Willis TowerMadison, Wisconsin
61.5%
Rock and Roll Hall of Fame and MuseumColumbus, Ohio
59%
Area 51Carson City, Nevada
49.6%
Microsoft HeadquartersOlympia, Washington
48.9%
Crater LakeSalem, Oregon
45%
Three Mile Island Generating StationHarrisburg, Pennsylvania
41%
McGill UniversityMontpelier, Vermont
33.8%
Dealey PlazaAustin, Texas
29.1%
Devil's TowerPierre, South Dakota
27%

You're not logged in!

Compare scores with friends on all Sporcle quizzes.
OR
Log In

Show Comments

Extras

Top Quizzes Today


Score Distribution

Your Account Isn't Verified!

In order to create a playlist on Sporcle, you need to verify the email address you used during registration. Go to your Sporcle Settings to finish the process.

Report this User

Report this user for behavior that violates our Community Guidelines.

Details: